000 00967nas a2200325 4500
001 BR9505952
003 BR-BrBNA
005 20231205094215.0
007 ta
008 230509b bl.|||p| |||| 00| 00por d
040 _aBR-BrBNA
_bpor
_cBiblioteca Nacional de Agricultura
041 _a(Pt)
072 _aN20
100 1 _aAlves, D.N.B.
100 1 _aFaria, M.A. de
100 1 _aLima, L.A.
100 1 _aSilva, A.M. da
245 1 _aDesempenho da bomba injetora e do tanque de derivacao de fluxo na aplicacao de cloreto de potassio em microaspersao
650 _aFertirrigacao
650 _aBomba D'agua
650 _aCloreto de Potassio
650 _aAgua
650 _aHidraulica Agricola
650 _aPerformance
650 _aTanque
650 _aFertilizante
773 0 _tCiencia e Pratica (Brazil)
_xISSN 0100-3267
_g(Oct-Dec 1993), v. 17(4) p. 400-406
_wBR9505952
909 _a202311
_bLúcia
_c55
_dLúcia Elande
942 _2AGRIS
_n0
_cANA
999 _c142758
_d142758